000 00504 a2200169 4500
001 ART_10386
005 20260410161732.0
008 260409a
245 1 0 _aEstrategia empresaria ante cambios en los mecados
100 1 _aAreosa, Mario
700 1 _aRico, Ruben Roberto
700 1 _aSerra, Roberto
700 1 _aSaporosi, Gerardo
700 1 _aHermida, Jorge Alfredo
700 1 _aBasso, Juan C.
773 0 _tEjecutivos de finanzas
_g- Año 3, Nº 24 (dic. 1985)
_wREV2863
999 _c17904
_d17904